000
00342nam a2200157Ia 4500
008
220204s9999 xx 000 0 und d
082
_a
575
_b
ALT
245
0
_a
Genetics
250
_a
Rev
260
_a
Calcutta
_b
Oxford&IBH
_c
1945
650
_a
Breeding
650
_a
Genetics
650
_a
Heredity
700
_a
ALTERNBURG
942
_c
BK
999
_c
22699
_d
22699